000 00430nam a2200181Ia 4500
008 151202s9999||||xx |||||||||||||| ||und||
082 _bPNVM-83126
100 _aSTINE . L.R.
245 _aFull moon Feuer.
260 _bSCHOLASTIC PRESS NEW YORK.
260 _c1999
300 _a121
600 _aSTINE . L.R.
630 _aFull moon Feuer.
700 _aSTINE . L.R.
730 _aFull moon Feuer.
942 _cBOOK
999 _c1347859
_d1347856